000 00269nam a22001217a 4500
008 180903b xxu||||| |||| 00| 0 eng d
041 _aeng
080 _a331.101
100 _a52
101 _aBNJ
245 _aHuman Resource Management
_cDessler, G
942 _2udc
_cBK
999 _c47473
_d47473